[Event "St Louis Spring B"]
[Site "Saint Louis USA"]
[Date "2018.03.06"]
[Round "1.1"]
[White "Chandra, Akshat"]
[Black "Gorovets, Andrey"]
[Result "1-0"]
[WhiteTitle "GM"]
[BlackTitle "GM"]
[WhiteElo "2490"]
[BlackElo "2496"]
[WhiteFideId "25006711"]
[BlackFideId "13504037"]
[EventDate "2018.03.06"]

1. e4 d6 2. d4 Nf6 3. Nc3 e5 4. Nf3 Nbd7 5. Bc4 Be7 6. a4 O-O 7. O-O c6 8. Re1
a5 9. h3 Nb6 10. Bd3 Nfd7 11. Bf1 Re8 12. b3 exd4 13. Nxd4 Bf6 14. Bb2 d5 15.
Qd2 Bg5 16. Qd1 Bf6 17. Re2 Nc5 18. exd5 Rxe2 19. Bxe2 Nxd5 20. Nxd5 Qxd5 21.
Bc4 Qg5 22. Nf3 Qf4 23. Be5 Qf5 24. Qd6 b6 25. Rd1 Be6 26. Bxf6 Qxf6 27. Bxe6
Nxe6 28. Qxc6 Rb8 29. Rd6 Qa1+ 30. Kh2 Qf1 31. Rxe6 fxe6 32. Qxe6+ Kh8 33. Ne5
h6 34. Nf7+ Kg8 35. Ng5+ Kh8 36. Nf7+ Kg8 37. Nxh6+ Kh7 38. Qf5+ Kxh6 39. Qf4+
g5 40. Qd6+ Kh7 41. Qxb8 Qxf2 42. Qc7+ Kh6 43. c3 Qe3 44. b4 axb4 45. cxb4 Qf2
46. a5 bxa5 47. bxa5 Qe2 48. Qd6+ Kh5 49. a6 Qa2 50. a7 g4 51. hxg4+ Kh4 52.
Qf6+ 1-0

[Event "St Louis Spring B"]
[Site "Saint Louis USA"]
[Date "2018.03.06"]
[Round "1.2"]
[White "Grabinsky, Aaron"]
[Black "Liang, Awonder"]
[Result "1/2-1/2"]
[BlackTitle "GM"]
[WhiteElo "2375"]
[BlackElo "2570"]
[WhiteFideId "2087090"]
[BlackFideId "2056437"]
[EventDate "2018.03.06"]

1. Nf3 Nf6 2. g3 b6 3. Bg2 Bb7 4. c4 e6 5. O-O Be7 6. b3 O-O 7. Bb2 d5 8. cxd5
exd5 9. d4 Nbd7 10. Nc3 Re8 11. Rc1 Bf8 12. e3 Rc8 13. Ne5 c6 14. Nxd7 Qxd7 15.
Qd3 g6 16. Rfd1 Bg7 17. Ba3 Rcd8 18. Qc2 h5 19. h4 Bh6 20. Re1 Qc7 21. Rcd1 Bg7
22. Bb2 Bc8 23. e4 dxe4 24. Nxe4 Nd5 25. Ng5 Bf5 26. Qd2 Qd7 27. Rxe8+ Rxe8 28.
Re1 Bf8 29. a3 Rxe1+ 30. Qxe1 Bc2 31. b4 Qe7 32. Qxe7 Nxe7 33. Nf3 f6 34. d5
Nxd5 35. Nd4 Ba4 36. b5 Nc7 37. bxc6 Kf7 38. Ne2 Bb3 39. Nc3 b5 40. Bc1 Bd6 41.
Be3 a6 42. Bb6 Ne8 43. Ba5 Ke7 44. Nd5+ Ke6 45. Nc3 Bxa3 46. c7 Nd6 47. Bb7 Ke7
48. c8=Q Nxc8 49. Bxc8 b4 50. Nb1 Bc4 51. Nxa3 bxa3 52. f4 a2 53. Bc3 f5 54. Kf2
Kd6 55. Ke3 Kc5 56. Kd2 a5 57. Kc2 Bf7 58. Ba6 Kd5 59. Bd3 Kc5 60. Kb2 a4 61.
Bc2 Kc4 62. Bf6 Kb4 63. Bd3 a3+ 64. Ka1 Kc5 65. Be2 Bd5 66. Ba6 Kb6 67. Bf1 Kc5
68. Bd3 Bf7 69. Bc2 Bd5 70. Bd1 Kb4 71. Be7+ Kc3 72. Bxa3 Kd2 73. Ba4 Ke3 74.
Be8 Kf3 75. Bxg6 Kxg3 76. Bxh5 Kxh4 77. Bd1 Kg3 78. Bd6 Bf7 79. Kb2 Be6 80. Be5
Bf7 81. Kc1 a1=Q+ 82. Bxa1 Kxf4 1/2-1/2

[Event "St Louis Spring B"]
[Site "Saint Louis USA"]
[Date "2018.03.06"]
[Round "1.3"]
[White "Fier, Alexandr"]
[Black "Ali Marandi, Cemil Can"]
[Result "1/2-1/2"]
[WhiteTitle "GM"]
[BlackTitle "GM"]
[WhiteElo "2582"]
[BlackElo "2538"]
[WhiteFideId "2107139"]
[BlackFideId "6300529"]
[EventDate "2018.03.06"]

1. c4 c6 2. Nf3 Nf6 3. g3 g6 4. b3 Bg7 5. Bb2 O-O 6. Bg2 d5 7. d3 Bg4 8. Nbd2
Nbd7 9. O-O Re8 10. h3 Bxf3 11. Nxf3 e6 12. Qc2 Nh5 13. Rac1 a5 14. a3 Bxb2 15.
Qxb2 Qf6 16. Qd2 Qe7 17. Qb2 Qf6 18. Qa2 Qe7 19. Rc2 Ng7 20. Rb1 Qd6 21. Qb2 e5
22. cxd5 cxd5 23. Rbc1 Ne6 24. e3 Nec5 25. Rd1 a4 26. bxa4 Nxa4 27. Qb4 Qxb4 28.
axb4 Rec8 29. Rxc8+ Rxc8 30. Nd2 Nb2 1/2-1/2

[Event "St Louis Spring B"]
[Site "Saint Louis USA"]
[Date "2018.03.06"]
[Round "1.4"]
[White "Kannappan, Priyadharshan"]
[Black "Mikhalevski, Victor"]
[Result "1/2-1/2"]
[WhiteTitle "GM"]
[BlackTitle "GM"]
[WhiteElo "2513"]
[BlackElo "2557"]
[WhiteFideId "5018293"]
[BlackFideId "2801914"]
[EventDate "2018.03.06"]

1. c4 Nf6 2. Nc3 d5 3. cxd5 Nxd5 4. g3 g6 5. Bg2 Nxc3 6. bxc3 Bg7 7. Ba3 Nd7 8.
Nf3 c5 9. Qa4 Qc7 10. O-O O-O 11. d4 b6 12. e4 e5 13. Rad1 Rb8 14. d5 b5 15. Qc2
Qa5 16. Bc1 Nb6 17. Be3 Na4 18. Rc1 c4 19. Rfd1 Bg4 20. h3 Bd7 21. Qd2 Rbc8 22.
Ne1 f6 23. Kh2 Rfe8 24. h4 Bf8 25. Bh3 Bxh3 26. Kxh3 Bd6 27. Qc2 Qc7 28. Kg2 a5
29. Nf3 Qd7 30. Nd2 f5 31. f3 h5 32. exf5 gxf5 33. Bg5 Rf8 34. Nf1 Nc5 35. Ne3
e4 36. Rf1 f4 37. gxf4 Bxf4 38. fxe4 Bxe3 39. Bxe3 Qg4+ 40. Kh2 Qxh4+ 41. Kg1
Nxe4 42. Qg2+ Qg4 43. Qxg4+ hxg4 44. Rfe1 Rfe8 45. Bb6 Nf6 46. d6 Nd7 47. Bxa5
Kf7 48. Bc7 Rxe1+ 49. Rxe1 Re8 50. Rf1+ Ke6 51. Re1+ Kf7 52. Rf1+ Ke6 53. Re1+ 1/2-1/2

[Event "St Louis Spring B"]
[Site "Saint Louis USA"]
[Date "2018.03.06"]
[Round "1.5"]
[White "Khachiyan, Melikset"]
[Black "Shtembuliak, Evgeny"]
[Result "1/2-1/2"]
[WhiteTitle "GM"]
[BlackTitle "IM"]
[WhiteElo "2525"]
[BlackElo "2507"]
[WhiteFideId "13300512"]
[BlackFideId "14113325"]
[EventDate "2018.03.06"]

1. e4 e6 2. d4 d5 3. Nc3 Nf6 4. Bg5 dxe4 5. Nxe4 Be7 6. Bxf6 gxf6 7. Nf3 f5 8.
Nc3 a6 9. d5 c6 10. dxe6 Qxd1+ 11. Rxd1 fxe6 12. Bd3 Bf6 13. O-O Kf7 14. Rfe1 b5
15. Ne5+ Bxe5 16. Rxe5 Nd7 17. Ree1 Rd8 18. Ne2 Nb6 19. Nf4 c5 20. Be2 Rxd1 21.
Rxd1 Ke7 22. Bf3 Ra7 23. Nd3 Nd7 24. Bc6 c4 25. Ne1 Ne5 26. Bf3 Rc7 27. c3 Rc5
28. Kf1 Ng6 29. g3 e5 30. Bh5 Bb7 31. Bxg6 hxg6 32. h4 Rc8 33. Ke2 Be4 34. Ke3
Ke6 35. a3 Rh8 1/2-1/2

[Event "St Louis Spring B"]
[Site "Saint Louis USA"]
[Date "2018.03.07"]
[Round "2.1"]
[White "Gorovets, Andrey"]
[Black "Shtembuliak, Evgeny"]
[Result "1-0"]
[WhiteTitle "GM"]
[BlackTitle "IM"]
[WhiteElo "2496"]
[BlackElo "2507"]
[WhiteFideId "13504037"]
[BlackFideId "14113325"]
[EventDate "2018.03.06"]

1. d4 Nf6 2. c4 e6 3. Nc3 Bb4 4. g3 O-O 5. Bg2 d5 6. a3 Be7 7. Nf3 dxc4 8. O-O
Nc6 9. e4 Na5 10. Be3 Rb8 11. Qe2 b5 12. Rad1 a6 13. Ne5 Bb7 14. g4 Nb3 15. g5
Nd7 16. f4 Nxe5 17. dxe5 Qe8 18. Rf3 Rd8 19. Rh3 g6 20. Rh6 Qc6 21. Nd5 exd5 22.
exd5 Qd7 23. Qe1 Kg7 24. Bh3 Qe8 25. f5 gxf5 26. Rxh7+ Kxh7 27. Qh4+ 1-0

[Event "St Louis Spring B"]
[Site "Saint Louis USA"]
[Date "2018.03.07"]
[Round "2.2"]
[White "Mikhalevski, Victor"]
[Black "Khachiyan, Melikset"]
[Result "1-0"]
[WhiteTitle "GM"]
[BlackTitle "GM"]
[WhiteElo "2557"]
[BlackElo "2525"]
[WhiteFideId "2801914"]
[BlackFideId "13300512"]
[EventDate "2018.03.06"]

1. d4 Nf6 2. Bg5 e6 3. e3 h6 4. Bh4 c5 5. Nd2 d5 6. c3 Be7 7. Bd3 Nbd7 8. f4 b6
9. Ngf3 Bb7 10. Ne5 O-O 11. Qf3 Nxe5 12. fxe5 Ne4 13. Bxe7 Qxe7 14. Bxe4 dxe4
15. Qg3 f5 16. exf6 Rxf6 17. O-O-O cxd4 18. exd4 e5 19. dxe5 Rf5 20. Nc4 Ba6 21.
Ne3 Rxe5 22. Nd5 Rxd5 23. Rxd5 Qf7 24. Qe5 Bd3 25. b3 Rf8 26. Kb2 Qf2+ 27. Ka3
Qxg2 28. Rd7 Rf6 29. Rd1 Qg4 30. Qb8+ Kh7 31. Qxa7 Rf5 32. b4 Rf2 33. Qc7 Rg2
34. Re1 Qh4 35. Rxd3 Qf2 36. Qc4 Qxe1 37. Rd8 Qc1+ 38. Ka4 Qc2+ 39. Kb5 Rg5+ 40.
Kxb6 Qf2+ 41. Kb7 e3 42. Qe4+ Rg6 43. Rd6 Qf7+ 44. Kb6 e2 45. Rc6 Qf2+ 46. Kb5
Qg2 47. Qxg2 Rxg2 48. Re6 Rxh2 49. a4 Rf2 50. a5 h5 51. c4 h4 52. a6 h3 53. a7
Rf8 54. Rxe2 g5 55. Ka6 g4 56. Rh2 Rf6+ 57. Ka5 Rf1 58. b5 Ra1+ 59. Kb6 Kg6 60.
c5 1-0

[Event "St Louis Spring B"]
[Site "Saint Louis USA"]
[Date "2018.03.07"]
[Round "2.3"]
[White "Ali Marandi, Cemil Can"]
[Black "Kannappan, Priyadharshan"]
[Result "1/2-1/2"]
[WhiteTitle "GM"]
[BlackTitle "GM"]
[WhiteElo "2538"]
[BlackElo "2513"]
[WhiteFideId "6300529"]
[BlackFideId "5018293"]
[EventDate "2018.03.06"]

1. Nf3 d5 2. g3 Nd7 3. d4 Ngf6 4. Bg2 g6 5. O-O Bg7 6. Nbd2 c5 7. c4 cxd4 8.
Nxd4 O-O 9. cxd5 Nb6 10. e4 Nfxd5 11. N2f3 Nc7 12. h3 Ne6 13. Nb3 Qxd1 14. Rxd1
a5 15. Rb1 a4 16. Na1 Rd8 17. Rxd8+ Nxd8 18. Be3 Nc4 19. Bd4 Nd2 20. Nxd2 Bxd4
21. Nc2 Bg7 22. Nc4 Be6 23. Nb6 Ra5 24. Nd5 Nc6 25. Nce3 Kf8 26. b4 axb3 27.
axb3 Ra2 28. b4 Nd4 29. Rd1 Bd7 30. Nc4 Ba4 31. Rd2 Rxd2 32. Nxd2 Nc2 33. Nc4 e6
34. Ndb6 Bc6 35. e5 Nxb4 36. Na5 Bxg2 37. Kxg2 Nc6 38. Nxc6 bxc6 39. f4 Ke8 40.
Kf3 Bf8 41. Ke4 h5 1/2-1/2

[Event "St Louis Spring B"]
[Site "Saint Louis USA"]
[Date "2018.03.07"]
[Round "2.4"]
[White "Liang, Awonder"]
[Black "Fier, Alexandr"]
[Result "1/2-1/2"]
[WhiteTitle "GM"]
[BlackTitle "GM"]
[WhiteElo "2570"]
[BlackElo "2582"]
[WhiteFideId "2056437"]
[BlackFideId "2107139"]
[EventDate "2018.03.06"]

1. e4 c5 2. Nf3 Nc6 3. Bb5 g6 4. Bxc6 bxc6 5. O-O Bg7 6. Re1 Nh6 7. h3 O-O 8. c3
f5 9. e5 Nf7 10. d3 Rb8 11. Qa4 Qc7 12. Bf4 Nd8 13. Qc4+ Ne6 14. Ng5 Rxb2 15.
Nxe6 dxe6 16. Nd2 g5 17. Bxg5 Bxe5 18. Qxc5 Bh2+ 19. Kh1 Bd6 20. Qc4 Rf7 21.
Rab1 Rxb1 22. Rxb1 c5 23. Nf3 Qc6 24. Bf4 Qa6 25. Qxa6 Bxa6 26. Ne5 Bxe5 27.
Bxe5 Bxd3 28. Rb8+ Rf8 29. Rb7 Kf7 30. Bd6 Re8 31. Rxa7 Kf6 32. Bxc5 e5 33. a4
f4 34. a5 h5 35. Rd7 e4 36. Kg1 Be2 37. Rd4 Kf5 38. Ra4 Ba6 39. f3 exf3 40. gxf3
e5 41. Rb4 Rc8 42. Bd6 Bd3 43. c4 Bxc4 44. Rb8 Rxb8 45. Bxb8 e4 46. fxe4+ Kxe4
47. Kf2 Ba6 48. h4 Bc4 1/2-1/2

[Event "St Louis Spring B"]
[Site "Saint Louis USA"]
[Date "2018.03.07"]
[Round "2.5"]
[White "Chandra, Akshat"]
[Black "Grabinsky, Aaron"]
[Result "1-0"]
[WhiteTitle "GM"]
[WhiteElo "2490"]
[BlackElo "2375"]
[WhiteFideId "25006711"]
[BlackFideId "2087090"]
[EventDate "2018.03.06"]

1. Nf3 Nf6 2. c4 c5 3. d4 cxd4 4. Nxd4 b6 5. Nc3 Bb7 6. f3 e6 7. e4 d6 8. Be2
Nbd7 9. O-O Be7 10. Be3 O-O 11. Qd2 a6 12. Rfd1 Qc7 13. Rac1 Rac8 14. Kh1 Qb8
15. b4 Rfe8 16. a3 Bd8 17. Nb3 Bc7 18. Bf4 Ne5 19. Bxe5 dxe5 20. c5 Red8 21. Qa2
Rxd1+ 22. Rxd1 Rd8 23. Rc1 g5 24. Bf1 Kg7 25. cxb6 Bxb6 26. Na4 Be3 27. Re1 Ba7
28. Nac5 Rd6 29. Qa1 Nd7 30. Na5 Bc8 31. Nxd7 Rxd7 32. Nc6 Qd6 33. Nxa7 Rxa7 34.
Qc1 Qd8 35. Qc5 Qc7 36. Rc1 Qxc5 37. Rxc5 Bd7 38. Rxe5 Kf6 39. Ra5 Rc7 40. Kg1
Rc1 41. Kf2 Rc2+ 42. Kg3 h5 43. e5+ Ke7 44. Bxa6 f5 45. Bb5 f4+ 46. Kh3 Bxb5 47.
Rxb5 Kf7 48. Rb8 Rc3 49. a4 g4+ 50. Kh4 Rc2 51. Kg5 Rxg2 52. Kxf4 Rf2 53. a5
Rxf3+ 54. Kg5 Rf5+ 55. Kh6 1-0

[Event "St Louis Spring B"]
[Site "Saint Louis USA"]
[Date "2018.03.08"]
[Round "3.1"]
[White "Grabinsky, Aaron"]
[Black "Gorovets, Andrey"]
[Result "0-1"]
[BlackTitle "GM"]
[WhiteElo "2375"]
[BlackElo "2496"]
[WhiteFideId "2087090"]
[BlackFideId "13504037"]
[EventDate "2018.03.06"]

1. d4 d5 2. Bf4 c5 3. e3 cxd4 4. exd4 Nc6 5. c3 Bf5 6. Nf3 e6 7. Nbd2 Bd6 8.
Bxd6 Qxd6 9. Bb5 Ne7 10. Ne5 O-O 11. Ndf3 f6 12. Nxc6 bxc6 13. Bd3 Bxd3 14. Qxd3
e5 15. dxe5 fxe5 16. Qe2 Ng6 17. O-O Rae8 18. Rae1 e4 19. Nd4 c5 20. Nb3 Ne5 21.
Qd1 Re6 22. Re3 Nc4 23. Re2 Rh6 24. h3 Ne5 25. Re3 Nc4 26. Re2 Rf5 27. Nd2 Ne5
28. Re3 Rg6 29. Kh1 Nd3 30. Kg1 Nf4 31. g4 Rfg5 32. c4 h5 33. cxd5 Rxd5 34. Qb3
hxg4 35. Nxe4 gxh3+ 36. Kh1 Qb6 37. Qc4 Qb4 38. Qc2 Qb5 39. Rfe1 Qc6 40. Rg3
Rxg3 41. fxg3 Nd3 42. Re3 Ne5 43. Qe2 Rd4 44. b3 Qd7 45. Nc3 Ng4 46. Re8+ Kf7
47. Re4 Qf5 48. Re8 Rd2 49. Qe7+ Kg6 50. Qe6+ Qxe6 51. Rxe6+ Kf5 52. Re2 Rd3 53.
Rc2 Rxg3 54. Na4 Re3 55. Rc1 Kf4 56. Nxc5 Kg3 57. Rg1+ Kh4 58. Rf1 Re2 59. Nd3
Rh2+ 60. Kg1 Rxa2 61. b4 Kg3 62. Kh1 Rh2+ 63. Kg1 Rd2 0-1

[Event "St Louis Spring B"]
[Site "Saint Louis USA"]
[Date "2018.03.08"]
[Round "3.2"]
[White "Fier, Alexandr"]
[Black "Chandra, Akshat"]
[Result "1/2-1/2"]
[WhiteTitle "GM"]
[BlackTitle "GM"]
[WhiteElo "2582"]
[BlackElo "2490"]
[WhiteFideId "2107139"]
[BlackFideId "25006711"]
[EventDate "2018.03.06"]

1. d4 Nf6 2. c4 e6 3. Nc3 Bb4 4. e3 O-O 5. Bd3 c5 6. Nf3 d5 7. O-O dxc4 8. Bxc4
b6 9. a3 Bxc3 10. bxc3 Qc7 11. Bd3 Bb7 12. Bb2 Nbd7 13. Qe2 Be4 14. c4 Rfd8 15.
a4 Rac8 16. Bxe4 Nxe4 17. Rfc1 Qb7 18. a5 Nb8 19. axb6 axb6 20. Rab1 Nc6 21. Ba1
Na5 22. Qb2 cxd4 23. Nxd4 e5 24. Nf5 f6 25. Qa2 Qf7 26. Rxb6 Qxc4 27. Qxc4+ Rxc4
28. Rcb1 Rc7 29. g4 Nd2 30. Rb8 Rxb8 31. Rxb8+ Kf7 32. Kg2 Nc6 33. Rh8 Ra7 34.
Bb2 Ra2 35. Bc3 Ne4 36. Be1 Ra1 37. Rc8 Rxe1 38. Rxc6 g6 39. Rc7+ Kg8 40. Nh6+
Kf8 41. Rf7+ Ke8 42. Rxh7 Re2 43. Rh8+ Ke7 44. Kf3 Nc3 45. h4 e4+ 46. Kg3 Nd1
47. h5 gxh5 48. Nf5+ Kf7 49. Rh7+ Kg8 50. Rd7 Re1 51. gxh5 Rg1+ 52. Kh2 Rg5 53.
Ne7+ Kf8 54. Nd5 Nxf2 55. Nxf6 Rf5 56. Nh7+ Ke8 57. Ra7 Rxh5+ 58. Kg3 Rf5 59.
Kh4 Nd1 60. Ra4 Kf7 61. Ng5+ Kg6 62. Ra3 Nxe3 63. Nxe4 Rf4+ 64. Kg3 Rxe4 65. Kf3
Re6 66. Rxe3 Rxe3+ 67. Kxe3 1/2-1/2

[Event "St Louis Spring B"]
[Site "Saint Louis USA"]
[Date "2018.03.08"]
[Round "3.3"]
[White "Kannappan, Priyadharshan"]
[Black "Liang, Awonder"]
[Result "1/2-1/2"]
[WhiteTitle "GM"]
[BlackTitle "GM"]
[WhiteElo "2513"]
[BlackElo "2570"]
[WhiteFideId "5018293"]
[BlackFideId "2056437"]
[EventDate "2018.03.06"]

1. e4 c5 2. Nf3 d6 3. Bb5+ Nd7 4. O-O a6 5. Bd3 Ngf6 6. Re1 e6 7. c3 b5 8. a4
Bb7 9. Bc2 c4 10. d4 cxd3 11. Bxd3 bxa4 12. Qxa4 Be7 13. e5 dxe5 14. Nxe5 O-O
15. Nxd7 Qxd7 16. Qxd7 Nxd7 17. Be3 Rfd8 18. Ra5 Nf6 19. Bf1 Rd5 20. Rxd5 Bxd5
21. Nd2 a5 22. Ra1 Rb8 23. Nc4 Bxc4 24. Bxc4 Rxb2 25. Rxa5 Rb1+ 26. Bf1 h6 27.
g3 Ng4 28. Bd4 Nxh2 29. Kxh2 Rxf1 30. Ra8+ Kh7 31. Kg2 Rc1 32. Ra7 Bd6 33. Rd7
Bb8 34. Rb7 Bd6 35. Rd7 1/2-1/2

[Event "St Louis Spring B"]
[Site "Saint Louis USA"]
[Date "2018.03.08"]
[Round "3.4"]
[White "Khachiyan, Melikset"]
[Black "Ali Marandi, Cemil Can"]
[Result "1-0"]
[WhiteTitle "GM"]
[BlackTitle "GM"]
[WhiteElo "2525"]
[BlackElo "2538"]
[WhiteFideId "13300512"]
[BlackFideId "6300529"]
[EventDate "2018.03.06"]

1. e4 e6 2. d4 d5 3. Nc3 Nf6 4. Bg5 dxe4 5. Nxe4 Be7 6. Bxf6 gxf6 7. c4 b6 8.
Be2 Nc6 9. Nf3 Bb7 10. Nc3 Rg8 11. d5 exd5 12. cxd5 Nb4 13. Qa4+ Qd7 14. Bb5 c6
15. dxc6 Bxc6 16. Bxc6 Qxc6 17. Qxc6+ Nxc6 18. Nd5 O-O-O 19. Nxe7+ Nxe7 20. O-O
Nd5 21. Rac1+ Kb7 22. Rc4 a5 23. a3 h5 24. h3 Nc7 25. Rf4 Rg6 26. Nh4 Rg5 27.
Rxf6 Rd7 28. Re1 Rb5 29. Re2 Ne6 30. Nf3 Rc7 31. Ne5 Nd4 32. Re4 Nc2 33. Rxf7
Rxf7 34. Nxf7 Rxb2 35. g4 Rb1+ 36. Kh2 hxg4 37. hxg4 Rf1 38. Rf4 Ne1 39. Ne5 Kc7
40. g5 Kd6 41. Nc4+ Ke7 42. Nd2 Nd3 43. Re4+ 1-0

[Event "St Louis Spring B"]
[Site "Saint Louis USA"]
[Date "2018.03.08"]
[Round "3.5"]
[White "Shtembuliak, Evgeny"]
[Black "Mikhalevski, Victor"]
[Result "1-0"]
[WhiteTitle "IM"]
[BlackTitle "GM"]
[WhiteElo "2507"]
[BlackElo "2557"]
[WhiteFideId "14113325"]
[BlackFideId "2801914"]
[EventDate "2018.03.06"]

1. d4 Nf6 2. c4 g6 3. Nc3 d5 4. cxd5 Nxd5 5. e4 Nxc3 6. bxc3 Bg7 7. Qa4+ Nc6 8.
Nf3 O-O 9. Ba3 Bg4 10. Be2 Qd7 11. Qc2 Na5 12. Rd1 Bxf3 13. gxf3 Qh3 14. Bxe7
Rfe8 15. Ba3 Qg2 16. Rf1 Qxh2 17. Bd3 b6 18. Ke2 c5 19. Bb5 Rec8 20. dxc5 Bf8
21. Bd7 Rc7 22. Rh1 Qe5 23. Rd5 Qf6 24. c4 Rxc5 25. Bb2 Rxc4 26. Qb1 Qe7 27.
Rdh5 Qxd7 28. Rxh7 Rd4 29. Qd3 Nc6 30. Rh8+ Kg7 31. e5 Nxe5 32. Qxd4 Qb5+ 33.
Kd1 Re8 34. f4 Bd6 35. Rxe8 Qxe8 36. fxe5 Bc5 37. Qh4 Qd7+ 38. Kc1 1-0

[Event "St Louis Spring B"]
[Site "Saint Louis USA"]
[Date "2018.03.09"]
[Round "4.1"]
[White "Gorovets, Andrey"]
[Black "Mikhalevski, Victor"]
[Result "1/2-1/2"]
[WhiteTitle "GM"]
[BlackTitle "GM"]
[WhiteElo "2496"]
[BlackElo "2557"]
[WhiteFideId "13504037"]
[BlackFideId "2801914"]
[EventDate "2018.03.06"]

1. d4 Nf6 2. Bf4 d5 3. e3 Bg4 4. f3 Bd7 5. Nc3 c5 6. dxc5 Qa5 7. Qd2 Nc6 8. Rd1
O-O-O 9. Nge2 e5 10. Bg5 Be6 11. Nc1 d4 12. Nb5 Nb4 13. exd4 Bxc5 14. Nd3 Nxd3+
15. Bxd3 Qxd2+ 16. Bxd2 exd4 17. b4 Bb6 18. a4 a6 19. a5 axb5 20. axb6 Nd5 21.
Bxb5 Nxb6 22. Bd3 Nc4 23. Bf4 Rhe8 24. Kf2 b5 25. Rhe1 Kb7 26. h4 h6 27. g4 Kb6
28. Bxc4 Bxc4 29. Be5 f6 30. Bxd4+ Kc6 31. c3 Ra8 32. Ra1 Rxe1 33. Rxa8 Re7 34.
h5 Kd5 35. Ra6 Bb3 36. Kg3 Bc4 37. Bc5 Rd7 38. Ra1 Ke6 39. Bd4 Kf7 40. Ra8 Re7
41. Bc5 Re8 42. Ra7+ Kg8 43. Bd4 Rf8 44. Bc5 Rf7 45. Ra8+ Kh7 46. Rd8 f5 47. Bd4
fxg4 48. fxg4 Be2 49. Re8 Bc4 50. Be5 Rf1 51. Re7 Rf7 52. Rxf7 1/2-1/2

[Event "St Louis Spring B"]
[Site "Saint Louis USA"]
[Date "2018.03.09"]
[Round "4.2"]
[White "Ali Marandi, Cemil Can"]
[Black "Shtembuliak, Evgeny"]
[Result "1-0"]
[WhiteTitle "GM"]
[BlackTitle "IM"]
[WhiteElo "2538"]
[BlackElo "2507"]
[WhiteFideId "6300529"]
[BlackFideId "14113325"]
[EventDate "2018.03.06"]

1. d4 Nf6 2. Bg5 e6 3. Nd2 c5 4. e4 cxd4 5. e5 Qa5 6. Nf3 Ne4 7. Bf4 Nc6 8. Bd3
Nxd2 9. Bxd2 Bb4 10. Bxb4 Qxb4+ 11. c3 dxc3 12. O-O cxb2 13. Rb1 b6 14. Re1 Bb7
15. Ng5 Qf4 16. Ne4 O-O 17. Nd6 Nxe5 18. Nxb7 Ng4 19. h3 Qxf2+ 20. Kh1 f5 21.
Bb5 Rac8 22. Qxd7 Rc2 23. Qxe6+ Kh8 24. Be2 Qxe1+ 25. Rxe1 Rc1 26. Bd3 Nf2+ 27.
Kh2 Nxd3 28. Qxf5 Rfc8 29. Nd6 Nxe1 30. Nxc8 h5 31. Ne7 Nf3+ 32. gxf3 1-0

[Event "St Louis Spring B"]
[Site "Saint Louis USA"]
[Date "2018.03.09"]
[Round "4.3"]
[White "Liang, Awonder"]
[Black "Khachiyan, Melikset"]
[Result "0-1"]
[WhiteTitle "GM"]
[BlackTitle "GM"]
[WhiteElo "2570"]
[BlackElo "2525"]
[WhiteFideId "2056437"]
[BlackFideId "13300512"]
[EventDate "2018.03.06"]

1. e4 e5 2. Nf3 Nc6 3. Bc4 Bc5 4. c3 Nf6 5. d3 d6 6. Bg5 h6 7. Bh4 a6 8. Nbd2
Ba7 9. Bb3 g5 10. Bg3 Nh5 11. Nxe5 Nxg3 12. Bxf7+ Kf8 13. Ng6+ Kxf7 14. Nxh8+
Qxh8 15. hxg3 Qf6 16. d4 Kg7 17. Nc4 Bd7 18. Ne3 Re8 19. Qc2 Ne7 20. O-O-O c5
21. dxc5 Bxc5 22. Rhe1 Be6 23. g4 Rc8 24. Kb1 Qf7 25. b3 Qf6 26. Qd2 a5 27. f3
b5 28. b4 axb4 29. cxb4 Bb6 30. Qb2 Rd8 31. g3 Qxb2+ 32. Kxb2 Nc6 33. Nf5+ Bxf5
34. exf5 Bf2 35. Re6 Bxg3 36. Rc1 Be5+ 37. Kb1 Nxb4 38. Rc7+ Kf8 39. Rxh6 Nd5
40. Rch7 Re8 41. Re6 Nc3+ 42. Kc2 Rxe6 43. fxe6 Nxa2 44. Kb3 Nc3 45. Kb4 Ke8 46.
Rh5 Bf6 47. Rh7 d5 48. Rf7 d4 49. Rd7 Be7+ 50. Kb3 Ne2 51. Kc2 b4 52. Rb7 Nf4
53. Rb8+ Bd8 54. Rxb4 d3+ 55. Kd1 Nxe6 56. Rb5 Nf4 57. Kd2 Kd7 58. Rf5 Kc6 59.
Re5 Bf6 60. Ra5 Be7 61. Kc3 Bc5 62. Ra6+ Kb5 63. Ra8 Bb4+ 64. Kb3 Nd5 65. Re8
Be7 66. Rc8 Bf6 67. Re8 Nc3 68. Rb8+ Kc5 0-1

[Event "St Louis Spring B"]
[Site "Saint Louis USA"]
[Date "2018.03.09"]
[Round "4.4"]
[White "Chandra, Akshat"]
[Black "Kannappan, Priyadharshan"]
[Result "1/2-1/2"]
[WhiteTitle "GM"]
[BlackTitle "GM"]
[WhiteElo "2490"]
[BlackElo "2513"]
[WhiteFideId "25006711"]
[BlackFideId "5018293"]
[EventDate "2018.03.06"]

1. Nf3 d5 2. g3 g6 3. Bg2 Bg7 4. d4 Nf6 5. c4 c6 6. cxd5 cxd5 7. Nc3 Nc6 8. Ne5
O-O 9. O-O e6 10. Nxc6 bxc6 11. Bf4 Nd7 12. Na4 Ba6 13. Rc1 Qf6 14. Be3 Rfc8 15.
Qd2 Bf8 16. b3 Bb5 17. Nc3 Ba6 18. Na4 Bb5 19. Nc3 Ba6 20. Na4 1/2-1/2

[Event "St Louis Spring B"]
[Site "Saint Louis USA"]
[Date "2018.03.09"]
[Round "4.5"]
[White "Grabinsky, Aaron"]
[Black "Fier, Alexandr"]
[Result "1/2-1/2"]
[BlackTitle "GM"]
[WhiteElo "2375"]
[BlackElo "2582"]
[WhiteFideId "2087090"]
[BlackFideId "2107139"]
[EventDate "2018.03.06"]

1. e4 c5 2. Nc3 Nc6 3. Bb5 Nd4 4. Nf3 Nxb5 5. Nxb5 d6 6. d4 Nf6 7. Nc3 cxd4 8.
Qxd4 e5 9. Qd3 h6 10. Nd2 Be6 11. Nc4 Qc7 12. Ne3 Be7 13. O-O O-O 14. b3 Rac8
15. Bb2 Qc5 16. a4 Rfd8 17. h3 Rd7 18. Rfd1 a6 19. Ncd5 Bxd5 20. Nxd5 Nxd5 21.
Qxd5 Qxd5 22. Rxd5 Rxc2 23. Bxe5 Rc5 24. Rad1 Rxd5 25. Rxd5 f6 26. Bf4 Kf7 27.
Kf1 Ke6 28. Ke2 Rc7 29. Kd3 Rc6 30. Be3 Rc8 31. h4 f5 32. Rxf5 Bxh4 33. Rh5 Bf6
34. Bd2 Bb2 35. Rf5 g6 36. Rd5 Bc1 37. Bb4 Rc6 38. g3 Rb6 39. Ba5 Rc6 40. Bb4
Rb6 41. Ba5 Rc6 1/2-1/2

[Event "St Louis Spring B"]
[Site "Saint Louis USA"]
[Date "2018.03.10"]
[Round "5.1"]
[White "Fier, Alexandr"]
[Black "Gorovets, Andrey"]
[Result "0-1"]
[WhiteTitle "GM"]
[BlackTitle "GM"]
[WhiteElo "2582"]
[BlackElo "2496"]
[WhiteFideId "2107139"]
[BlackFideId "13504037"]
[EventDate "2018.03.06"]

1. d4 d5 2. c4 e6 3. Nc3 Bb4 4. Nf3 dxc4 5. Qa4+ Nc6 6. e3 Bd7 7. Qc2 b5 8. Be2
Ba5 9. O-O Nb4 10. Qb1 Nf6 11. Bd2 c5 12. dxc5 Na6 13. Ne4 Bxd2 14. Nfxd2 O-O
15. a4 Nxe4 16. Nxe4 bxa4 17. Bxc4 Nb4 18. f4 Qc7 19. Qd1 Bc6 20. Nd6 Qa5 21.
Qh5 Nc2 22. Bd3 g6 23. Qe5 Nxa1 24. Be4 Nb3 25. Bxc6 Qxc5 26. Bxa8 Rxa8 27. Ne4
Qxe3+ 28. Kh1 Qd4 29. Qxd4 Nxd4 30. Ra1 Rb8 31. Rxa4 Rxb2 32. h4 Nf5 33. h5 gxh5
34. Rxa7 Rb1+ 35. Kh2 h4 36. Kh3 h5 37. Kh2 Kg7 38. Ra2 Ne3 39. g3 Ng4+ 40. Kg2
h3+ 0-1